000 01063nam a2200277 a 4500
001 BRCA_5085
005 20190320204931.0
008 111110s1961----gw-a######---#000-0#ger-#
041 _ager
044 _agw
050 4 _aPQ6335
_b.C47 1961
100 1 _aCervantes Saavedra, Miguel de
_d1547-1616
_9213
245 1 0 _aLeben und taten des scharfsinnigen edlen don Quixote von la Mancha
_cMiguel de Cervantes Saavedra ; mit zeichnungen von Gerhart kraaz in der übertragung von Ludwig Tieck geleitwort von Heinrich Heine.
260 _aAlemania
_bRütten & Loening
_c1961
300 _a1055 p.
_bil.
_c24 cm.
440 0 _aIm Bertelsmann Lesering
_912957
500 _aIncluye información sobre lo que es el quijote actualmente
500 _aLibro donado por Booth de Ocheterena, 2008?
650 1 4 _aLiteratura española
_yÉpoca clásica, 1500-1700
_9216
650 1 4 _aDon Quijote (Personaje ficticio)
_xNovela
_912958
700 1 _aGerhart
_912959
700 1 _aHeine, Heinrich
_912960
700 1 _aTieck, Ludwig
_912961
902 _aQAG
942 _2lcc
_cB
999 _c4779
_d4779